[Event "FICGS class A 000156 email"]
[Site "FICGS email"]
[Date "2014.10.15"]
[Round "1"]
[White "Me, Gianantonio"]
[Black "Lemstra, Bart"]
[Result "1-0"]
[WhiteElo "2058"]
[BlackElo "2028"]
[PlyCount "63"]
[EventDate "2014.??.??"]
[EventType "tourn (corr)"]
[EventRounds "6"]
[SourceTitle "Corr 2022"]
[Source "ChessBase"]
[SourceDate "2021.10.24"]
[SourceVersion "1"]
[SourceVersionDate "2021.10.24"]
[SourceQuality "1"]

1. d4 d5 2. Nf3 e6 3. c4 c5 4. cxd5 exd5 5. Nc3 Nc6 6. g3 Nf6 7. Bg2 Be7 8. 0-0 0-0 9. Bg5 c4 10. Ne5 Be6 11. f4 h6 12. Bxf6 Bxf6 13. e3 Ne7 14. Qd2 Qa5 15. Rad1 Rfd8 16. e4 dxe4 17. Bxe4 Rab8 18. a3 b5 19. Kh1 Qb6 20. d5 a5 21. Qe2 Bh3 22. Rfe1 b4 23. axb4 axb4 24. Nb1 Qb5 25. Qf3 Bd7 26. Nd2 Rbc8 27. Nexc4 Rxc4 28. Bd3 Rxf4 29. gxf4 Qxd5 30. Be4 Qc5 31. Qe2 Qc7 32. Nc4 1-0

[Event "FICGS class A 000156 email"]
[Site "FICGS email"]
[Date "2014.10.15"]
[Round "1"]
[White "Ortiz, Clodomiro"]
[Black "Me, Gianantonio"]
[Result "1/2-1/2"]
[WhiteElo "2029"]
[BlackElo "2058"]
[PlyCount "43"]
[EventDate "2014.??.??"]
[EventType "tourn (corr)"]
[EventRounds "6"]
[SourceTitle "Corr 2022"]
[Source "ChessBase"]
[SourceDate "2021.10.24"]
[SourceVersion "1"]
[SourceVersionDate "2021.10.24"]
[SourceQuality "1"]

1. d4 Nf6 2. c4 e6 3. Nf3 d5 4. g3 Be7 5. Bg2 0-0 6. Nc3 dxc4 7. Ne5 Nc6 8. Bxc6 bxc6 9. Nxc6 Qe8 10. Nxe7+ Qxe7 11. Qa4 c5 12. Qxc4 cxd4 13. Qxd4 e5 14. Qh4 Rb8 15. 0-0 Rb4 16. e4 Qb7 17. a3 Rd4 18. f3 Rd3 19. g4 Be6 20. Qf2 h5 21. g5 Nd7 22. Be3 1/2-1/2

[Event "FICGS no engines 00 email"]
[Site "FICGS email"]
[Date "2012.03.30"]
[Round "1"]
[White "Me, Gianantonio"]
[Black "Trigance, Emile"]
[Result "0-1"]
[WhiteElo "2058"]
[BlackElo "1600"]
[PlyCount "22"]
[EventDate "2012.??.??"]
[EventType "swiss (corr)"]
[EventRounds "1"]
[SourceTitle "Corr 2022"]
[Source "ChessBase"]
[SourceDate "2021.10.24"]
[SourceVersion "1"]
[SourceVersionDate "2021.10.24"]
[SourceQuality "1"]

1. e4 c5 2. Nf3 Nc6 3. Bb5 g6 4. 0-0 Bg7 5. c3 Nf6 6. Qa4 0-0 7. d4 cxd4 8. cxd4 Qc7 9. Nc3 d6 10. d5 Nd8 11. Bg5 h6 0-1

[Event "FICGS no engines 00 email"]
[Site "FICGS email"]
[Date "2010.11.14"]
[Round "1"]
[White "Me, Gianantonio"]
[Black "Padilla, Jesus"]
[Result "1-0"]
[WhiteElo "2045"]
[BlackElo "1649"]
[PlyCount "65"]
[EventDate "2010.??.??"]
[EventType "swiss (corr)"]
[EventRounds "1"]
[SourceTitle "Corr 2013"]
[Source "ChessBase"]
[SourceDate "2012.11.12"]
[SourceVersion "1"]
[SourceVersionDate "2012.11.12"]
[SourceQuality "1"]

1. d4 Nf6 2. c4 e6 3. Nc3 d5 4. Nf3 c5 5. cxd5 Nxd5 6. e4 Nxc3 7. bxc3 cxd4 8. cxd4 Nc6 9. Bc4 Bd6 10. 0-0 0-0 11. Be3 Bd7 12. Rb1 Rc8 13. Be2 b6 14. e5 Be7 15. Qd2 Na5 16. Rfc1 Rxc1+ 17. Rxc1 Bc6 18. h3 Bd5 19. Qb2 Qa8 20. a3 Rc8 21. Rxc8+ Qxc8 22. Nd2 h6 23. Kh2 Qc6 24. Bf3 Bxf3 25. gxf3 Bf8 26. Kg3 Qa4 27. Qc3 Qxa3 28. Qc7 Qe7 29. Qc2 b5 30. Ne4 Qd7 31. Qc3 Nc4 32. Bxh6 gxh6 33. Nf6+ 1-0

[Event "FICGS W-ch st1 g07 email"]
[Site "FICGS email"]
[Date "2009.11.02"]
[Round "1"]
[White "Van der Kemp, Michel"]
[Black "Me, Gianantonio"]
[Result "1/2-1/2"]
[WhiteElo "2199"]
[BlackElo "1988"]
[PlyCount "58"]
[EventDate "2009.??.??"]
[EventType "tourn (corr)"]
[EventRounds "8"]
[SourceTitle "Corr 2022"]
[Source "ChessBase"]
[SourceDate "2021.10.24"]
[SourceVersion "1"]
[SourceVersionDate "2021.10.24"]
[SourceQuality "1"]

1. e4 c6 2. d4 d5 3. f3 dxe4 4. fxe4 e5 5. Nf3 Be6 6. c3 Nf6 7. Nbd2 Nbd7 8. Bc4 Bxc4 9. Nxc4 exd4 10. e5 Ne4 11. Qe2 f5 12. cxd4 Bb4+ 13. Bd2 Nxd2 14. Ncxd2 Nb6 15. 0-0 Qd5 16. Qd3 g6 17. Rfc1 Rd8 18. a3 Bxd2 19. Qxd2 0-0 20. a4 Rfe8 21. b4 Nd7 22. Qa2 Nf8 23. b5 Ne6 24. bxc6 bxc6 25. Qxd5 cxd5 26. Rc6 g5 27. Rd1 h6 28. Ra6 Re7 29. Kf2 Kf7 1/2-1/2

[Event "Cagliari Alfa Lum op"]
[Site "Cagliari"]
[Date "2009.08.29"]
[Round "3"]
[White "Me, Gianantonio"]
[Black "Lobina, Paolo"]
[Result "1/2-1/2"]
[WhiteElo "1978"]
[BlackElo "1767"]
[PlyCount "75"]
[EventDate "2009.08.28"]
[EventType "swiss"]
[EventRounds "6"]
[EventCountry "ITA"]
[SourceTitle "EXT 2012"]
[Source "ChessBase"]
[SourceDate "2011.11.24"]
[SourceVersion "1"]
[SourceVersionDate "2011.11.24"]
[SourceQuality "1"]

1. Nf3 c5 2. c4 Nc6 3. Nc3 Nf6 4. g3 e6 5. Bg2 Be7 6. d4 d5 7. cxd5 Nxd5 8. e4 Nxc3 9. bxc3 cxd4 10. cxd4 0-0 11. 0-0 b6 12. Be3 Ba6 13. Re1 Rc8 14. Qa4 Bb7 15. Rac1 Na5 16. Nd2 Qe8 17. Qxe8 Rfxe8 18. Nb3 Nc4 19. Red1 Ba3 20. Rc2 Nxe3 21. Rxc8 Rxc8 22. fxe3 Rc2 23. Rd2 Rxd2 24. Nxd2 Bc1 25. Nf1 Ba6 26. Kf2 Bc4 27. a3 Bxa3 28. Nd2 Ba2 29. Bf1 Kf8 30. Nc4 Bxc4 31. Bxc4 Ke7 32. Ke2 Kd6 33. Kd3 a5 34. Bb5 e5 35. g4 f6 36. h3 g5 37. Kc4 Bc1 38. Kd3 1/2-1/2

[Event "Cagliari Alfa Lum op"]
[Site "Cagliari"]
[Date "2009.08.28"]
[Round "1"]
[White "Me, Gianantonio"]
[Black "Dessy, Eugenio"]
[Result "1-0"]
[WhiteElo "1978"]
[BlackElo "1665"]
[PlyCount "67"]
[EventDate "2009.08.28"]
[EventType "swiss"]
[EventRounds "6"]
[EventCountry "ITA"]
[SourceTitle "EXT 2012"]
[Source "ChessBase"]
[SourceDate "2011.11.24"]
[SourceVersion "1"]
[SourceVersionDate "2011.11.24"]
[SourceQuality "1"]

1. Nf3 Nf6 2. c4 g6 3. Nc3 Bg7 4. e4 d6 5. d4 0-0 6. Be2 e5 7. d5 a5 8. Bg5 h6 9. Bh4 g5 10. Bg3 Na6 11. 0-0 Nc5 12. Nd2 Ne8 13. f3 Nf6 14. Bf2 Nh5 15. g3 f5 16. f4 g4 17. fxe5 Bxe5 18. exf5 Bxf5 19. Bxg4 Ng7 20. Bxf5 Rxf5 21. Nf3 Bxc3 22. bxc3 Ne4 23. Bd4 Qd7 24. Qd3 Nc5 25. Qe3 Raf8 26. Nh4 Rxf1+ 27. Rxf1 Rxf1+ 28. Kxf1 Qf7+ 29. Kg2 Kh7 30. Bxc5 dxc5 31. Qxc5 Qh5 32. Qe3 b5 33. Qd3+ Kg8 34. cxb5 1-0

[Event "FICGS rapid A 000063 email"]
[Site "FICGS email"]
[Date "2009.05.01"]
[Round "1"]
[White "Me, Gianantonio"]
[Black "Nichols, Scott"]
[Result "0-1"]
[WhiteElo "1976"]
[BlackElo "2089"]
[PlyCount "90"]
[EventDate "2009.??.??"]
[EventType "tourn (rapid)"]
[EventRounds "6"]
[SourceTitle "Corr 2022"]
[Source "ChessBase"]
[SourceDate "2021.10.24"]
[SourceVersion "1"]
[SourceVersionDate "2021.10.24"]
[SourceQuality "1"]

1. d4 Nf6 2. c4 g6 3. Nc3 Bg7 4. e4 d6 5. Nf3 0-0 6. Be2 e5 7. 0-0 Nc6 8. d5 Ne7 9. b4 Nh5 10. Re1 f5 11. Ng5 Nf6 12. Bf3 fxe4 13. Ngxe4 Nf5 14. Bg5 a5 15. bxa5 Rxa5 16. Nb5 Bd7 17. a4 b6 18. Qd3 Qc8 19. h4 Ra8 20. Nxf6+ Bxf6 21. Bxf6 Rxf6 22. h5 Bxb5 23. axb5 Nd4 24. Be4 Rxa1 25. Rxa1 Qg4 26. Ra8+ Kg7 27. f3 Qxh5 28. Ra7 Rf7 29. Qd2 g5 30. Bc2 Qh4 31. Bd1 h5 32. Ra3 Nf5 33. Bc2 Ng3 34. Qd3 Rf5 35. Qd1 g4 36. Kf2 Ne4+ 37. Kg1 Qf2+ 38. Kh2 g3+ 39. Kh3 Ng5+ 40. Kh4 Kh6 41. Bxf5 Qxg2 42. Ra2 Nxf3+ 43. Qxf3 Qxf3 44. Be6 g2 45. Ra1 Qf2+ 0-1

[Event "FICGS rapid A 000063 email"]
[Site "FICGS email"]
[Date "2009.05.01"]
[Round "1"]
[White "Riha, Josef"]
[Black "Me, Gianantonio"]
[Result "1-0"]
[WhiteElo "1989"]
[BlackElo "1976"]
[PlyCount "91"]
[EventDate "2009.??.??"]
[EventType "tourn (rapid)"]
[EventRounds "6"]
[SourceTitle "Corr 2022"]
[Source "ChessBase"]
[SourceDate "2021.10.24"]
[SourceVersion "1"]
[SourceVersionDate "2021.10.24"]
[SourceQuality "1"]

1. d4 Nf6 2. Nf3 d5 3. c4 e6 4. Nc3 c6 5. e3 Nbd7 6. Qc2 Bd6 7. Bd3 0-0 8. 0-0 dxc4 9. Bxc4 a6 10. Rd1 b5 11. Be2 Qc7 12. a4 b4 13. Ne4 Nxe4 14. Qxe4 Bb7 15. Bd3 Nf6 16. Qh4 c5 17. e4 c4 18. e5 cxd3 19. exf6 Rfc8 20. Ng5 h5 21. Qxh5 gxf6 22. Nh7 Be7 23. Qh4 Qc6 24. f3 Qd7 25. Rxd3 Rc2 26. d5 Bxd5 27. Be3 Bd8 28. Qh6 f5 29. Ng5 f6 30. Rxd5 exd5 31. Qg6+ Qg7 32. Qe8+ Qf8 33. Qe6+ Kg7 34. Bd4 Rac8 35. Qxf5 Rc1+ 36. Rxc1 Rxc1+ 37. Kf2 Qh8 38. Ke2 Rc6 39. Qd7+ Kg6 40. Qxc6 Kxg5 41. h4+ Kg6 42. g4 Qf8 43. h5+ Kg7 44. g5 Qe7+ 45. Kd2 Qf7 46. Qxa6 1-0

[Event "FICGS class C 000051 email"]
[Site "FICGS email"]
[Date "2008.08.03"]
[Round "1"]
[White "Martinez, Silvio"]
[Black "Me, Gianantonio"]
[Result "0-1"]
[WhiteElo "1800"]
[BlackElo "1800"]
[PlyCount "54"]
[EventDate "2008.??.??"]
[EventType "tourn (corr)"]
[EventRounds "1"]
[SourceTitle "Corr 2022"]
[Source "ChessBase"]
[SourceDate "2021.10.24"]
[SourceVersion "1"]
[SourceVersionDate "2021.10.24"]
[SourceQuality "1"]

1. d4 Nf6 2. Nf3 g6 3. g3 Bg7 4. Bg2 0-0 5. Nc3 d5 6. 0-0 Nbd7 7. Ne5 c6 8. Nxd7 Bxd7 9. Bf4 Bf5 10. e3 Nh5 11. e4 Bxe4 12. Nxe4 Nxf4 13. gxf4 dxe4 14. c3 Qc7 15. Qd2 Bh6 16. Bxe4 Bxf4 17. Qd3 Bxh2+ 18. Kg2 Bf4 19. b4 Rad8 20. a4 e5 21. Qc4 exd4 22. cxd4 Qe7 23. Rae1 Qg5+ 24. Kf3 Bd2 25. Re2 Rfe8 26. Qc5 f5 27. Bd3 Qg4# 0-1

[Event "FICGS class C 000051 email"]
[Site "FICGS email"]
[Date "2008.08.03"]
[Round "1"]
[White "Me, Gianantonio"]
[Black "Hrubaru, Mircea"]
[Result "1-0"]
[WhiteElo "1800"]
[BlackElo "1874"]
[PlyCount "35"]
[EventDate "2008.??.??"]
[EventType "tourn (corr)"]
[EventRounds "1"]
[SourceTitle "Corr 2022"]
[Source "ChessBase"]
[SourceDate "2021.10.24"]
[SourceVersion "1"]
[SourceVersionDate "2021.10.24"]
[SourceQuality "1"]

1. d4 d5 2. c4 c6 3. cxd5 cxd5 4. Nc3 e5 5. e4 dxe4 6. Bb5+ Bd7 7. dxe5 Bb4 8. e6 fxe6 9. Qh5+ g6 10. Qe5 Qf6 11. Bf4 a6 12. Qc7 axb5 13. Be5 Qg5 14. Bxh8 Qxg2 15. Qxb7 Bc6 16. Qxh7 Ne7 17. 0-0-0 Qg5+ 18. Kc2 1-0

[Event "FICGS class C 000051 email"]
[Site "FICGS email"]
[Date "2008.08.03"]
[Round "1"]
[White "Me, Gianantonio"]
[Black "Korshunov, Igor"]
[Result "1-0"]
[WhiteElo "1800"]
[BlackElo "1800"]
[PlyCount "31"]
[EventDate "2008.??.??"]
[EventType "tourn (corr)"]
[EventRounds "1"]
[SourceTitle "Corr 2022"]
[Source "ChessBase"]
[SourceDate "2021.10.24"]
[SourceVersion "1"]
[SourceVersionDate "2021.10.24"]
[SourceQuality "1"]

1. d4 Nf6 2. c4 e6 3. Nc3 Bb4 4. e3 0-0 5. Bd3 d5 6. cxd5 exd5 7. Nge2 Re8 8. 0-0 Bd6 9. f3 c5 10. Qe1 Nc6 11. Qh4 h6 12. g4 Bd7 13. Qf2 Rc8 14. a3 Qb6 15. Rd1 c4 16. Bc2 1-0

[Event "FICGS W-ch st1 g13 email"]
[Site "FICGS email"]
[Date "2008.07.29"]
[Round "1"]
[White "Me, Gianantonio"]
[Black "D Ettorre, Rodolfo"]
[Result "1-0"]
[WhiteElo "1800"]
[BlackElo "1895"]
[PlyCount "43"]
[EventDate "2008.??.??"]
[EventType "tourn (corr)"]
[EventRounds "8"]
[SourceTitle "Corr 2022"]
[Source "ChessBase"]
[SourceDate "2021.10.24"]
[SourceVersion "1"]
[SourceVersionDate "2021.10.24"]
[SourceQuality "1"]

1. d4 Nf6 2. c4 d6 3. Nc3 g6 4. e4 Bg7 5. Nge2 e5 6. f3 exd4 7. Nxd4 0-0 8. Be3 Nc6 9. Qd2 Ne5 10. Be2 Re8 11. 0-0-0 a6 12. Kb1 Bd7 13. g4 Rb8 14. Rhf1 c6 15. g5 Nh5 16. f4 Ng4 17. Bg1 c5 18. Nc2 Bxc3 19. Qxc3 Rxe4 20. Qd2 b5 21. Bf3 Re8 22. h3 1-0